[Event "Santo Domingo Autumn op"]
[Site "Santo Domingo"]
[Date "2016.10.07"]
[Round "3"]
[White "Ontiveros, Jesus"]
[Black "Guerrero Castillo, Fernando"]
[Result "1-0"]
[WhiteElo "1765"]
[BlackElo "1633"]
[PlyCount "31"]
[EventDate "2016.10.07"]
[EventType "swiss"]
[EventRounds "8"]
[EventCountry "DOM"]
[SourceTitle "CBM 175 Extra"]
[Source "ChessBase"]
[SourceDate "2016.12.12"]
[SourceVersion "1"]
[SourceVersionDate "2016.12.12"]
[SourceQuality "1"]

1. d4 d5 2. c4 c6 3. cxd5 cxd5 4. Nc3 Nc6 5. Nf3 Bg4 6. e3 Nf6 7. Be2 Nd7 8. 0-0 a6 9. Qb3 e6 10. h3 Bxf3 11. Bxf3 e5 12. Bxd5 Bd6 13. Bxf7+ Ke7 14. Qe6+ Kf8 15. Bh5 Be7 16. Qf7# 1-0

[Event "Santo Domingo Autumn op"]
[Site "Santo Domingo"]
[Date "2016.10.07"]
[Round "8"]
[White "Ontiveros, Jesus"]
[Black "Jimenez Jimenez, Leandro"]
[Result "0-1"]
[WhiteElo "1765"]
[BlackElo "1886"]
[PlyCount "21"]
[EventDate "2016.10.07"]
[EventType "swiss"]
[EventRounds "8"]
[EventCountry "DOM"]
[SourceTitle "CBM 175 Extra"]
[Source "ChessBase"]
[SourceDate "2016.12.12"]
[SourceVersion "1"]
[SourceVersionDate "2016.12.12"]
[SourceQuality "1"]

1. d4 d5 2. c4 e6 3. Nc3 Nf6 4. Bg5 Be7 5. Bxf6 Bxf6 6. cxd5 exd5 7. e3 0-0 8. Bd3 b6 9. e4 Re8 10. e5 Be7 11. Nf3 0-1